Pollution prevention in industrial processes: the role of process analytical chemistry
Збережено в:
| Автори: | , |
|---|---|
| Формат: | Книга |
| Мова: | Англійська |
| Опубліковано: |
Washington, D.C
American Chemical Society
1992
|
| Серія: | ACS Symposium series, 508
|
| Предмети: | |
| Теги: |
Додати тег
Немає тегів, Будьте першим, хто поставить тег для цього запису!
|
MARC
| LEADER | 00000nam a2200000 a 4500 | ||
|---|---|---|---|
| 001 | UCX9328 | ||
| 003 | CL-VaPUC | ||
| 005 | 20220315074410.0 | ||
| 008 | 940531e19920000us 1 eng d | ||
| 082 | 0 | 4 | |a 628.5 |b BRE |2 21 |
| 100 | 1 | |a Breen, Joseph J |e author |9 616984 | |
| 700 | 1 | |a Dellarco, Michael J |e author |9 616985 | |
| 245 | 1 | 0 | |a Pollution prevention in industrial processes: the role of process analytical chemistry |
| 260 | |a Washington, D.C |b American Chemical Society |c 1992 | ||
| 300 | |a 316 p | ||
| 490 | 0 | |a ACS Symposium series, 508 | |
| 583 | |a last modification |c 19940531 00:00:00 |k Rodrigo Vera | ||
| 650 | 0 | 7 | |a RESIDUOS INDUSTRIALES ASPECTOS AMBIENTALES |2 CL-VaPUC |9 262779 |
| 650 | 0 | 0 | |a Química analítica |9 259648 |
| 650 | 0 | 0 | |a Congresos |9 257560 |
| 650 | 0 | 7 | |a QUIMICA DEL MEDIO AMBIENTE |2 CL-VaPUC |9 306783 |
| 942 | |c BK | ||
| 945 | |a mfernand |d 19940531 00:00:00 | ||
| 546 | |a En Inglés | ||
| 518 | |p National Meeting American Chemical Society, 201, Atlanta, Georgia, 1991 | ||
| 999 | |c 382225 |d 382223 | ||
| 952 | |0 0 |1 0 |4 0 |6 628_500000000000000_BRE_1992 |7 0 |8 A |9 503799 |a BIBCUR |b BIBCUR |d 2020-01-23 |i 2982676 |o 628.5 BRE 1992 |p 2982676 |r 2025-04-22 |w 2020-01-23 |y BK |k QUI | ||